| 000 | 00795cam a22002533a 4500 | ||
|---|---|---|---|
| 001 | 2093 | ||
| 003 | PGUSA | ||
| 005 | 20140828083010.0 | ||
| 008 | 000301s2000||||xxu|||||s|||||000 | eng d | ||
| 040 |
_aPGUSA _beng |
||
| 042 | _adc | ||
| 050 | 4 | _aE300 | |
| 100 | 1 |
_aAdams, Samuel, _d1722-1803 |
|
| 245 | 1 | 4 |
_aThe Writings of Samuel Adams - Volume 3 _h[electronic resource] / _cSamuel Adams |
| 260 |
_bProject Gutenberg, _c2000 |
||
| 506 | _aPublic domain in the USA. | ||
| 516 | _aElectronic text | ||
| 653 | _aUnited States -- Politics and government -- 1775-1783 | ||
| 653 | _aUnited States -- Politics and government -- 1783-1809 | ||
| 700 | 1 |
_aCushing, Harry Alonzo, _d1870-1955 |
|
| 830 | 0 |
_aProject Gutenberg _v2093 |
|
| 856 | 4 | 0 | _uhttp://www.gutenberg.org/ebooks/2093 |
| 942 | _cEB | ||
| 999 |
_c231431 _d231431 |
||